Countries led by women - Statistics

General Stats
  • This quiz has been taken 548 times
  • The average score is 10 of 23
Answer Stats
Function Name Country % Correct
Queen Elizabeth II United Kingdom
96%
Chancelor Angela Merkel Germany
95%
Queen Margrethe II Denmark
77%
Prime Minister Helle Thorning-Schmidt Denmark
77%
President Dilma Rousseff Brazil
76%
President Cristina Fernández de Kirchner Argentina
74%
Prime Minister Erna Solberg Norway
65%
President Park Geun-hye South Korea
65%
President Michelle Bachelet Chile
49%
Prime Minister Ewa Kopacz Poland
49%
President Dalia Grybauskaitė Lithuania
36%
Prime Minister Laimdota Straujuma Latvia
31%
President Ellen Johnson-Sirleaf Liberia
31%
Prime Minister Sheikh Hasina Wajed Bangladesh
27%
Captain Regent Valeria Ciavatta San Marino
26%
Prime Minister Portia Simpson-Miller Jamaica
23%
Governor-General Cécile La Grenade Grenada
18%
President Marie-Louise Coleiro Preca Malta
18%
Governor-General Marguerite Pindling Bahamas
16%
Governor-General Pearlette Louisy Saint-Lucia
16%
Prime Minister Kamla Persad-Bissessar Trinidad and Tobago
13%
President Atifete Jahjaga Kosovo
12%
Interim President Catherine Samba-Panza Central African Republic
9%
No matching quizzes found
Score Distribution
Percent of People with Each Score
Percentile by Number Answered
Your Score History
You have not taken this quiz